|
|
|
|
| LEADER |
02575nam a22004815i 4500 |
| 001 |
978-0-306-46926-8 |
| 003 |
DE-He213 |
| 005 |
20151028111839.0 |
| 007 |
cr nn 008mamaa |
| 008 |
100301s2002 xxu| s |||| 0|eng d |
| 020 |
|
|
|a 9780306469268
|9 978-0-306-46926-8
|
| 024 |
7 |
|
|a 10.1007/b114534
|2 doi
|
| 040 |
|
|
|d GrThAP
|
| 050 |
|
4 |
|a QD71-142
|
| 072 |
|
7 |
|a PNF
|2 bicssc
|
| 072 |
|
7 |
|a SCI013010
|2 bisacsh
|
| 082 |
0 |
4 |
|a 543
|2 23
|
| 100 |
1 |
|
|a Hoenig, Steven L.
|e author.
|
| 245 |
1 |
0 |
|a Basic Training in Chemistry
|h [electronic resource] /
|c by Steven L. Hoenig.
|
| 264 |
|
1 |
|a Boston, MA :
|b Springer US,
|c 2002.
|
| 300 |
|
|
|a XIV, 184 p.
|b online resource.
|
| 336 |
|
|
|a text
|b txt
|2 rdacontent
|
| 337 |
|
|
|a computer
|b c
|2 rdamedia
|
| 338 |
|
|
|a online resource
|b cr
|2 rdacarrier
|
| 347 |
|
|
|a text file
|b PDF
|2 rda
|
| 505 |
0 |
|
|a General Chemistry -- Inorganic Chemistry -- Organic Chemistry -- Instrumental Analysis -- Units and Measurements -- Mathematical Concepts.
|
| 520 |
|
|
|a Basic Training in Chemistry is unique in that it gathers into one source the essential information that is usually widely dispersed. This book can be used as a quick reference guide to the different disciplines of Chemistry: the areas covered are General, Inorganic, Organic, and Instrumental Analysis. Although comprehensive in nature, Basic Training in Chemistry is not meant to replace any standard textbook but rather to be a supplement or additional source of information, or even a comprehensive review guide. Basic Training in Chemistry is a useful addition to any academic or commercial laboratory setting where access to a wide variety of information is needed. The book can be an exceptional source of information for the undergraduate or graduate student as well as for the experienced chemist. Anyone needing a single source of information covering several different disciplines will find this book to be an excellent addition to their usual references.
|
| 650 |
|
0 |
|a Chemistry.
|
| 650 |
|
0 |
|a Analytical chemistry.
|
| 650 |
|
0 |
|a Inorganic chemistry.
|
| 650 |
|
0 |
|a Organic chemistry.
|
| 650 |
1 |
4 |
|a Chemistry.
|
| 650 |
2 |
4 |
|a Analytical Chemistry.
|
| 650 |
2 |
4 |
|a Organic Chemistry.
|
| 650 |
2 |
4 |
|a Inorganic Chemistry.
|
| 650 |
2 |
4 |
|a Chemistry/Food Science, general.
|
| 710 |
2 |
|
|a SpringerLink (Online service)
|
| 773 |
0 |
|
|t Springer eBooks
|
| 776 |
0 |
8 |
|i Printed edition:
|z 9780306465468
|
| 856 |
4 |
0 |
|u http://dx.doi.org/10.1007/b114534
|z Full Text via HEAL-Link
|
| 912 |
|
|
|a ZDB-2-CMS
|
| 912 |
|
|
|a ZDB-2-BAE
|
| 950 |
|
|
|a Chemistry and Materials Science (Springer-11644)
|